| 000 | 02065nam2a22002771 4500 | ||
|---|---|---|---|
| 001 | RU\NLR\INFOCOMM16\1000080648 | ||
| 005 | 20250617123449.0 | ||
| 035 | _a(NLR Aleph) 002605227 | ||
| 090 |
_a3480475 _c3480475 |
||
| 100 | _a20040429d1949 |||y0rusy50 ca | ||
| 101 | 0 | _arus | |
| 102 | _aRU | ||
| 105 | _ay ||||||||| | ||
| 200 | 1 |
_aАнтисейсмизм древней архитектуры, [Разд. 2] _fБашкиров, А.С. |
|
| 210 |
_d1949 _aБ. м. |
||
| 225 | 0 |
_aУченые записки _vТ.13 _iКафедра истории древнего мира _vВып.1 |
|
| 461 | 0 |
_1001RU\NLR\INFOCOMM16\1000080498 _12001#$aУченые записки Московского городского педагогического института им. В.П. Потемкина$vТ.13 _92809441 _aМосковский городской педагогический институт им. В. П. Потемкина _cМ. _d1940-1960 _nУчпедгиз _tУченые записки Московского городского педагогического института им. В.П. Потемкина _vТ.13 |
|
| 462 | 0 |
_1001RU\NLR\INFOCOMM16\1000080647 _12001#$aУченые записки$iКафедра истории древнего мира$fМоск. гор. пед. ин-т им. В.П. Потемкина$vВып.1 _93480467 _aМосковский городской педагогический институт им. В. П. Потемкина. Кафедра истории древнего мира _cМ. _d1949 _fМоск. гор. пед. ин-т им. В.П. Потемкина _iКафедра истории древнего мира _tУченые записки Московского городского педагогического института им. В.П. Потемкина. - Ученые записки _vВып.1 |
|
| 700 | 1 |
_aБашкиров _bА.С. _4070 |
|
| 801 | 1 |
_aRU _bInfoComm _c20040429 |
|
| 801 | 0 |
_aRU _bNLR _gPSBO |
|
| 852 |
_aNLR _jП1/57 |
||
| 942 | _cISSUE | ||
| 980 | _aNB | ||
| 980 | _aRUSPER | ||